书目信息 |
| 题名: |
大学C++程序设计教程
|
|
| 作者: | 罗建军 , 罗建军 编著 | |
| 分册: | ||
| 出版信息: | 北京 高等教育出版社 2004.8 |
|
| 页数: | 341页 | |
| 开本: | 26cm | |
| 丛书名: | 高等学校教材 | |
| 单 册: | ||
| 中图分类: | TP312 | |
| 科图分类: | ||
| 主题词: | C语言--c yu yan--程序设计--高等学校--教材 | |
| 电子资源: | ||
| ISBN: | 7-04-015505-2 | |
| 000 | 01094nam0 2200325 450 | |
| 001 | CAL 012004116514 | |
| 005 | 20080304084223.84 | |
| 010 | @a7-04-015505-2@dCNY 26.00 | |
| 099 | @aCAL 012004116514 | |
| 100 | @a20040903d2004 ekmy0chiy0120 ea | |
| 101 | 0 | @achi |
| 102 | @aCN@b110000 | |
| 105 | @aak a 000yy | |
| 200 | 1 | @a大学C++程序设计教程@Ada xue c++ cheng xu she ji jiao cheng@f罗建军等编著@Fluo jian jun deng bian zhu |
| 210 | @a北京@c高等教育出版社@d2004.8 | |
| 215 | @a341页@c图@d26cm | |
| 225 | 2 | @a高等学校教材 |
| 304 | @a本书责任者还有:朱丹军, 顾刚, 刘路放 | |
| 320 | @a有书目 | |
| 330 | @a本书讲授面向对象C++程序设计。主要内容包括:C++设计基础、控制结构、基本数据类型、表达式、函数、指针、类和对象、继承与派生等。 | |
| 333 | @a高等学校教材 | |
| 410 | 0 | @12001 @a高等学校教材 |
| 606 | 0 | @aC语言@Ac yu yan@x程序设计@x高等学校@j教材 |
| 690 | @aTP312@v4 | |
| 701 | 0 | @a罗建军@Aluo jian jun@4编著 |
| 701 | 0 | @a罗建军@Aluo jian jun@4编著 |
| 801 | 0 | @aCN@b北京图书大厦@c20080304 |
| 905 | @a10447@dTP312@eL940 | |
| 906 | @dCNY26.00@n0@r1 | |
| 998 | @aPUL | |
| 大学C++程序设计教程/罗建军等编著.-北京:高等教育出版社,2004.8 |
| 341页:图;26cm.-(高等学校教材) |
| 使用对象:高等学校教材 |
| ISBN 7-04-015505-2:CNY 26.00 |
| 本书讲授面向对象C++程序设计。主要内容包括:C++设计基础、控制结构、基本数据类型、表达式、函数、指针、类和对象、继承与派生等。 |
| ● |
| 相关链接 |
|
|
|
正题名:大学C++程序设计教程
索取号:TP312/L940
 
预约/预借
| 序号 | 登录号 | 条形码 | 馆藏地/架位号 | 状态 | 备注 |
| 1 | 479798 | 204797988 | 期刊室512/ [索取号:TP312/L940] | 在馆 | |
| 2 | 537628 | 205376289 | 自科二线404/404自科库 9排5列4层/ [索取号:TP312/L940] | 在馆 | |
| 3 | 537629 | 205376298 | 自科二线404/404自科库 9排5列4层/ [索取号:TP312/L940] | 在馆 | |
| 4 | 537630 | 205376305 | 自科二线404/404自科库 9排5列4层/ [索取号:TP312/L940] | 在馆 |